000
00366nam a2200169Ia 4500
008
230605s9999 xx 000 0 und d
041
_a
eng
100
_a
lilicrap
245
_a
food and beverage service(9th ed
250
_a
9th
260
_b
Hodder Arnold
300
_a
466
365
_b
863
_h
10
500
_a
2159
520
_a
General
650
_a
F. B.
999
_c
419306
_d
419306